Anubava muthiraikal

Saved in:
Bibliographic Details
Format: Book
Published: 1996
Tags: Add Tag
No Tags, Be the first to tag this record!

MARC

LEADER 00000nam a2200000 a 4500
245 |a Anubava muthiraikal 
260 |c 1996 
300 |a 136p. ; 17cm. 
942 |c AFW 
999 |c 41458  |d 41458